000 00381nam a2200157Ia 4500
008 230711s9999||||xx |||||||||||||| ||und||
041 _aENG
082 _a720
_bWE-H
100 _aWendy,ARnold
245 4 _aThe historic country hester of england
250 _a1st
260 _c1984
_aNew York
_bVan Nostrand Reinhold Co.
300 _a96
650 _aArchitecture
942 _cBK
999 _c1946
_d1946